| 000 | 00980nam a22003257a 4500 | ||
|---|---|---|---|
| 001 | 59 | ||
| 003 | FISKH | ||
| 005 | 20230220134903.0 | ||
| 008 | 230220b cb ||||| |||| 00| 0 eng d | ||
| 010 | _a 99070469 | ||
| 020 | _a079223460X | ||
| 035 | _a(OCoLC)ocm42416275 | ||
| 040 |
_aZNM _cZNM _dDLC |
||
| 042 | _alccopycat | ||
| 050 | 0 | 0 |
_aQC981.3 _b.D34 1999 |
| 082 | 0 | 4 |
_a551.5 _220 |
| 100 | 1 |
_aDaniels, Patricia, _d1955- |
|
| 245 | 1 | 0 |
_aWeather / _cPatricia Daniels ; photographs supplied by Animals Animals/Earth Scene. |
| 260 |
_aWashington, D.C. : _bNational Geographic Society, _cc1999. |
||
| 300 |
_a80 p. : _bcol. ill. ; _c17 cm. |
||
| 440 | 0 | _aMy first pocket guide | |
| 500 | _aIncludes index. | ||
| 521 | 8 |
_a550 _bLexile |
|
| 521 | 8 |
_aN _bRaz-Plus |
|
| 650 | 0 |
_aWeather _vJuvenile literature. |
|
| 650 | 0 |
_aMeteorology _vJuvenile literature. |
|
| 710 | 2 | _aAnimals, Animals (Firm) | |
| 906 |
_a7 _bcbc _ccopycat _d2 _eepcn _f19 _gy-gencatlg |
||
| 942 |
_2ddc _cBK _n0 |
||
| 999 |
_c59 _d59 |
||